Foreign-Born Population: Utah Quiz Stats

 Plays Quiz not verified by Sporcle

Score 0/30 Timer 05:00
0 Plays Today
Number of Immigrants Country % Correct
103,300Mexico
97.1%
6,560China
94.1%
5,197UK
92.2%
6,258Vietnam
92.2%
4,446Argentina
92.2%
5,006India
92.2%
3,003Brazil
91.2%
2,215Colombia
91.2%
8,310Canada
90.2%
4,464South Korea
90.2%
6,419El Salvador
89.2%
1,670Russia
89.2%
4,385Guatemala
88.2%
2,535Chile
88.2%
2,259Japan
88.2%
Number of Immigrants Country % Correct
4,609Germany
87.3%
6,096Peru
87.3%
1,936Honduras
86.3%
1,912Venezuela
85.3%
4,219Philippines
85.3%
1,272Iran
83.3%
1,651Thailand
83.3%
1,307Australia
82.4%
1,580Ecuador
79.4%
1,642Cambodia
75.5%
1,541Laos
74.5%
1,700Taiwan
71.6%
1,455Netherlands
62.7%
1,486Nepal
52.9%
2,461Bosnia and Herzegovina
46.1%

You're not logged in!

Compare scores with friends on all Sporcle quizzes.
OR
Log In

Sporcle TV

Today on Sporcle TV


Watch our educational content, quiz creation guides, and fun videos on Sporcle TV.

Show Comments

Extras

Top Quizzes Today


Score Distribution

Your Account Isn't Verified!

In order to create a playlist on Sporcle, you need to verify the email address you used during registration. Go to your Sporcle Settings to finish the process.

Report this User

Report this user for behavior that violates our Community Guidelines.

Details: